Tous les Pokemon de type Eau (2G) - Statistiques

Statistiques générales
  • Ce quiz a été pris 9 fois
  • Le résultat moyen est 15 sur 18
Statistiques - réponses
Indices Réponses % Correct
Eau Kaiminus
100%
Eau Aligatueur
88%
Eau + Sol Axoloto
88%
Eau + Fée Azumarill
88%
Eau Crocrodil
88%
Eau + Vol Démanta
88%
Eau + Electrik Lanturn
88%
Eau + Electrik Loupio
88%
Eau + Sol Maraiste
88%
Eau + Fée Marill
88%
Eau Octillery
88%
Eau + Roche Corayon
75%
Eau + Dragon Hyporoi
75%
Eau + Poison Qwilfish
75%
Eau Rémoraid
75%
Eau + Psy Roigada
75%
Eau Suicune
75%
Eau Tarpaud
63%
Aucun quiz correspondant
Distribution des résultats
% des personnes avec chaque résultat
Percentile par nombre de réponses
Votre historique - résultats
Vous n’avez pas pris ce quiz